Guess historical leaders - Statistics

General Stats
  • This quiz has been taken 62 times
  • The average score is 7 of 16
Answer Stats
Picture Answer % Correct
Mao zedong
91%
Winston churchill
89%
George washington
85%
Lenin
83%
Stalin
83%
Harry truman
75%
Franklin D roosevelt
53%
Alexander the great
51%
Zeus
34%
Gorbachev
26%
Athena
11%
Hera
9%
Willhelm 2
8%
Hercules
4%
Abraham lincoin
2%
Victor emmanual
2%
No matching quizzes found
Score Distribution
Percent of People with Each Score
Percentile by Number Answered
Your Score History
You have not taken this quiz